000 00697nam a2200241 4500
003 OSt
005 20260601170959.0
008 260422b2008\\\\xxu|||||\||||\00|\0\eng\d
020 _a9780316017923
020 _a9780316036696 (edición Internacional)
040 _aICI
_bspa
_cICI
050 0 _aBF637.S8
_bG53
100 1 _aGladwell, Malcolm,
_d1963-
245 1 _aOutliers :
_bthe story of success /
_cMalcolm Gladwell
264 _bLittle, Brown,
_c2008
_aNew York :
300 _a309 páginas
_c21cm.
336 _atexto
_2rdacontent
337 _asin medio
_2rdamedia
338 _avolumen
_2rdacarrier
650 0 _aPersonas exitosas
_931163
650 0 _aÉxito
_910808
942 _2lcc
_cB
_n1
999 _c19998
_d19998